000 00682nam a2200241Ia 4500
003 OSt
005 20220926022752.0
006 a|||||r|||| 00| 0
007 ta
008 220923b |||||||| |||| 00| 0 eng d
037 _cGeneral Book
040 _aRTL
_cRTL
_beng
041 _2eng
_aeng
082 _aX:8C, L9
100 _aHeyel Carl Ed.
_9129638
245 0 _aVNR concise guide to acconting and control
260 _aNew York
_bVan Nostrand Reinhold USA
_c1979
300 _axiv, 174p.
_ccm.
490 _aV N R Concise managment series
650 _aFinancial Accounts
942 _hX:8C, L9
_cGB
_2CC
999 _c640245
_d640245